<?xml version="1.0" encoding="UTF-8"?>
<collection xmlns="http://www.loc.gov/MARC21/slim">
<record>
  <controlfield tag="001">7699</controlfield>
  <controlfield tag="005">20260105155442.0</controlfield>
  <datafield tag="024" ind1="7" ind2=" ">
    <subfield code="a">10.3847/2041-8213/ae071e</subfield>
    <subfield code="2">DOI</subfield>
  </datafield>
  <datafield tag="037" ind1=" " ind2=" ">
    <subfield code="a">SCART-2026-0007</subfield>
  </datafield>
  <datafield tag="100" ind1=" " ind2=" ">
    <subfield code="a">Baweja, Upasna</subfield>
  </datafield>
  <datafield tag="245" ind1=" " ind2=" ">
    <subfield code="a">Coexistence of Longitudinal and Transverse Oscillations in Polar Plumes Observed with Solar Orbiter/Extreme Ultraviolet Imager</subfield>
  </datafield>
  <datafield tag="260" ind1=" " ind2=" ">
    <subfield code="c">2025</subfield>
  </datafield>
  <datafield tag="520" ind1=" " ind2=" ">
    <subfield code="a">Magnetohydrodynamic waves play a key role in heating the solar corona and driving the solar wind. Recent observations have shown the presence of slow magnetoacoustic and Alfvénic waves in polar plumes and interplumes. However, a complete understanding of wave dynamics in the polar regions has long been limited by the lack of simultaneous high-resolution observations. In this study, we utilize a high-spatial-resolution (210 km per pixel) and high-cadence (5 s) data set from the Extreme Ultraviolet Imager (EUI) on board Solar Orbiter, acquired on 2021 September 14. Our findings reveal the simultaneous presence of slow magnetoacoustic and Alfvénic waves within the same polar plumes. For the slow magnetoacoustic waves, the amplitudes of the propagating disturbances are 1.4%–3.2% of the background intensity, with periodicities of 9 minutes, and the projected speeds of these disturbances range between 115 and 125 km s−1. The corresponding electron temperatures in plumes range between 0.58 and 0.69 MK. The damping lengths of these propagating disturbances for five plumes are ≈2.4–7.1 Mm. The propagating disturbances are also detected in the fine-scale substructures within the plumes. Alfvénic waves, on the other hand, are detected with average displacement amplitude, periodicity, and velocity amplitude of 165 ± 82 km, 93 ± 39 s, and 12 ± 7 km s−1, respectively. The ranges for the displacement amplitude, period, and velocity amplitude are 50–600 km, 50–250 s, and 3–32 km s−1, respectively. These results mark the first demonstration of the ability of Solar Orbiter/EUI to simultaneously detect both slow magnetoacoustic and Alfvénic wave modes extending up to 20 Mm in polar plumes.</subfield>
  </datafield>
  <datafield tag="594" ind1=" " ind2=" ">
    <subfield code="a">STCE</subfield>
  </datafield>
  <datafield tag="653" ind1="1" ind2=" ">
    <subfield code="a">Solar Orbiter</subfield>
  </datafield>
  <datafield tag="653" ind1="1" ind2=" ">
    <subfield code="a">EUI</subfield>
  </datafield>
  <datafield tag="653" ind1="1" ind2=" ">
    <subfield code="a">transverse oscillations</subfield>
  </datafield>
  <datafield tag="700" ind1=" " ind2=" ">
    <subfield code="a">Pant, Vaibhav</subfield>
  </datafield>
  <datafield tag="700" ind1=" " ind2=" ">
    <subfield code="a">Krishna Prasad, S.</subfield>
  </datafield>
  <datafield tag="700" ind1=" " ind2=" ">
    <subfield code="a">Shrivastav, Arpit Kumar</subfield>
  </datafield>
  <datafield tag="700" ind1=" " ind2=" ">
    <subfield code="a">Van Doorsselaere, Tom</subfield>
  </datafield>
  <datafield tag="700" ind1=" " ind2=" ">
    <subfield code="a">Narang, Nancy</subfield>
  </datafield>
  <datafield tag="700" ind1=" " ind2=" ">
    <subfield code="a">Verbeeck, Cis</subfield>
  </datafield>
  <datafield tag="700" ind1=" " ind2=" ">
    <subfield code="a">Khan, M. Saleem</subfield>
  </datafield>
  <datafield tag="700" ind1=" " ind2=" ">
    <subfield code="a">Berghmans, David</subfield>
  </datafield>
  <datafield tag="773" ind1=" " ind2=" ">
    <subfield code="p">  The Astrophysical Journal Letters,</subfield>
    <subfield code="v">991</subfield>
    <subfield code="y">2025</subfield>
    <subfield code="n">2, id.L45</subfield>
  </datafield>
  <datafield tag="856" ind1="0" ind2=" ">
    <subfield code="f">david.berghmans@ksb-orb.be</subfield>
  </datafield>
  <datafield tag="856" ind1="4" ind2="2">
    <subfield code="a">https://arxiv.org/abs/2509.07796</subfield>
  </datafield>
  <datafield tag="856" ind1="4" ind2="2">
    <subfield code="a">https://iopscience.iop.org/article/10.3847/2041-8213/ae071e</subfield>
  </datafield>
  <datafield tag="905" ind1=" " ind2=" ">
    <subfield code="a">published in</subfield>
  </datafield>
  <datafield tag="980" ind1=" " ind2=" ">
    <subfield code="a">REFERD</subfield>
  </datafield>
</record>
</collection>